Statistics for World Statistics - Up or Down?

Click here to take the quiz!

General Stats

  • This quiz has been taken 24,631 times
  • The average score is 10 of 15

Answer Stats

QuestionAnswer% Correct
Global obesity rateUp
91%
Carbon dioxide in the atmosphereUp
89%
Annual worldwide deaths due to AIDSDown
88%
Life expectancy in AfricaUp
86%
U.S. government debt as a percent of GDPUp
86%
Percentage of people living in Germany who were born in a different countryUp
84%
Drug overdose death rate in the U.S.Up
84%
Adult smoking rate in the U.S.Down
76%
Population of JapanDown
70%
Teenage birth rate in the U.S.Down
69%
Per-capita European Union CO2 emissionsDown
61%
Number of nuclear weapons in the worldDown
46%
Global coal productionUp
36%
Number of bald eagles in the United StatesUp
33%
Los Angeles air pollutionDown
31%

Score Distribution

Percentile by Number Answered

Percent of People with Each Score

Your Score History

You have not taken this quiz